Statistiques concernant Les 20 meilleurs buteurs en sélection sur une année.

Cliquez ici pour prendre le quiz!

Statistiques générales

  • Ce quiz a été pris 163 fois
  • Le résultat moyen est 14 sur 20

Statistiques - réponses

ButsJoueursAnnée% Correct
14Cristiano Ronaldo2019
99%
11Cristiano Ronaldo2017
99%
13Cristiano Ronaldo2016
99%
13Cristiano Ronaldo2021
99%
18Lionel Messi2022
99%
12Lionel Messi2012
99%
11Ronaldo2002
97%
12Kylian Mbappe2022
95%
15Neymar2014
75%
12Harry kane2019
69%
16Harry Kane2021
69%
11Robert Lewandowski2015
65%
12David Villa2008
48%
11David Villa2009
48%
13Miroslav Klose2006
44%
14Romelu Lukaku2018
41%
11Romelu Lukaku2021
41%
11Zlatan Ibrahimovic2015
30%
11Zlatan Ibrahimovic2012
30%
17Memphis Depay2021
17%

Distribution des résultats

Percentile par nombre de réponses

% des personnes avec chaque résultat

Votre développement - résultats

Vous n’avez pas pris ce quiz